Introduction to Ergonomics

Salvato in:
Dettagli Bibliografici
Autore principale: Bridger, R.S (Autore)
Natura: Libro
Lingua:inglese
Pubblicazione: Boca Raton : CRC Press, 2009
Edizione:3rd Ed.
Soggetti:
Tags: Aggiungi Tag
Nessun Tag, puoi essere il primo ad aggiungerne!!

MARC

LEADER 00000nam a22000003a 4500
001 stu279398
005 20150617230243.6
008 131205s2009----xxu-----------------eng-d
020 |a 978-0-8493-7306-0 
040 |a STU  |b slo 
041 0 |a eng 
044 |a xxu 
100 1 |a Bridger, R.S.  |4 aut 
245 1 |a Introduction to Ergonomics 
250 |a 3rd Ed. 
260 |a Boca Raton :  |b CRC Press,  |c 2009 
300 |a 776 s 
650 7 |a ergonómia  |2 stusub 
996 |b 284M085728  |c M*13629-1  |l MMKN  |s A  |a 24  |w stu279398_0001